Top 20 Fiumi più lunghi d'Italia - Statistics

Statistiche generali
  • Questo quiz è stato fatto 939 volte
  • Il punteggio medio è 9 su 20
Statistiche sulle risposte
Lunghezza (km) Regioni attraversate Fiume % Corretto
652 Piemonte, Lombardia, Emilia-Romagna, Veneto Po
99%
405 Emilia-Romagna, Toscana, Umbria, Lazio Tevere
94%
241 Toscana Arno
86%
410 Trentino-Alto Adige, Veneto Adige
84%
313 Lombardia Adda
64%
248 Svizzera, Piemonte, Lombardia Ticino
62%
231 Friuli-Venezia Giulia, Veneto Piave
54%
168 Valle d'Aosta, Piemonte Dora Baltea
47%
280 Lombardia Oglio
44%
203 Trentino-Alto Adige Sarca-Mincio
43%
170 Friuli-Venezia Giulia Tagliamento
41%
212 Toscana, Emilia-Romagna Reno
38%
276 Piemonte, Liguria Tanaro
38%
175 Molise, Campania Volturno
25%
174 Trentino-Alto Adige Brenta
24%
172 Emilia-Romagna, Lombardia Secchia
21%
158 Abruzzo, Lazio, Campania Liri-Garigliano
16%
160 Toscana Ombrone
16%
153 Liguria, Piemonte Bormida
12%
160 Trentino-Alto Adige Chiese
7%
Nessun quiz corrispondente trovato
Distribuzione punteggi
Percentuale di utenti per punteggio
Percentile per numero di risposta
I tuoi punteggi nel tempo
Non hai fatto questo quiz